00497 2200193 4500001002100000005001500021008004100036020002200077035001900099041000700118082001000125090001600135100001700151245003100168260003500199300002800234500001100262650003000273INLIS00000000000509720241224113033241224||||||||| | ||| |||| || |  a978-979-002-715-2 0010-1224005097 aid0 a636.5 a636.5 TIK p0 aTIKE SARTIKA00aPanen Ayam Kampung 70 Hari aJakartabPenebar Swadayac2016 aiv+116 HAL,; IL.; 23 CM aCet. 2 0aIlmu Terapan -- Budi Daya